[Event "HUN-ch"]
[Site "Budapest"]
[Date "1991.??.??"]
[Round "6"]
[White "Polgar, Judit"]
[Black "Sax, Gyula"]
[Result "1-0"]
[WhiteElo "2550"]
[BlackElo "2600"]
[Annotator "Polgar,J"]
[PlyCount "101"]
[EventDate "1991.12.??"]
[EventType "tourn"]
[EventRounds "9"]
[EventCountry "HUN"]
[EventCategory "12"]
[SourceTitle "CBM 027"]
[Source "ChessBase"]
[SourceDate "1992.04.01"]
[SourceVersion "1"]
[SourceVersionDate "1992.04.01"]
[SourceQuality "1"]

1. e4 {Boensch} c5 2. Nf3 d6 3. d4 cxd4 4. Nxd4 Nf6 5. Nc3 Nc6 6. Bg5 e6 7. Qd2
Be7 8. O-O-O Nxd4 9. Qxd4 O-O 10. f4 (10. e5) 10... Qa5 11. Bc4 Bd7 12. Rhe1 (
12. e5 {Informator 52/198}) (12. e5 {Boensch Hauptvariante!}) 12... Bc6 $6 (
12... Rfd8 13. Bb3 (13. e5 $142) 13... b5 14. e5 dxe5 15. fxe5 b4 16. Bxf6 gxf6
17. exf6 Qg5+ $17 {Keres-Geller/1962/ECO}) (12... Rad8 $5) 13. Bb3 $2 (13. f5
$5 exf5 14. exf5 Qxf5 (14... Rae8 15. g4 d5 (15... Bf3 16. Rd3 Bxg4 17. Bxf6
Bxf6 18. Bxf7+ Kxf7 19. Qc4+ d5 20. Rxd5 Rxe1+ 21. Rd1+ Ke7 22. Rxe1+ Kd8 23.
Qxg4 Bxc3 $10) 16. Rxe7) 15. Qh4 $1 Rfe8 (15... h6 16. Bxh6) 16. Bd3 $18) (13.
Nd5 exd5 14. exd5 Rae8 15. dxc6 bxc6 $13) 13... Rfe8 (13... b5 14. Nd5 Nxd5 15.
exd5 Bxg5 16. dxc6 $16) (13... Rfd8 {Boensch} 14. Qd3 h6 15. Bh4 Qh5 16. Bg3
Nd7 17. Qf1 Nc5 18. Bc4 Bf6 19. Be2 Qg6 $15 {Dolmatov,S-Oll,L URS-FL56
Klaipeda 1988}) 14. f5 exf5 (14... e5 {Boensch} 15. Qc4 d5 (15... Rf8 16. Bxf6
$16) 16. exd5 Nxd5 17. Bxe7 Nxe7 18. Qxf7+ $18) 15. e5 dxe5 16. Rxe5 Qc7 17.
Rxf5 (17. Rde1 Be4 $1 18. Nxe4 fxe4 19. Bxf6 Bxf6 20. Rxe8+ Rxe8 21. Rxe4 $10)
17... Rad8 18. Qc4 Rxd1+ 19. Nxd1 Bd8 20. Ne3 $4 (20. g3 $10) (20. Rf2 $10)
20... Qd7 $1 (20... Be4 {Boensch} 21. Rc5 Qe7 $13 (21... Qd7 22. Ba4 $2 (22.
Bxf6 Bxf6 (22... gxf6 $13) 23. Rc7 Qe6 24. Qe2 (24. Qb5 $2 Bd5) (24. Rxf7 $2
Bd5 25. Qxd5 Qxe3+ 26. Qd2 Qg1+ 27. Qd1 Bg5+ $19) 24... Bd5 $2 (24... Qe5 25.
Bxf7+ Kf8 26. Bxe8 Qxb2+ 27. Kd2 Qb4+ 28. c3 $1 (28. Kc1 Bb2+ 29. Kd1 Qd6+ 30.
Qd2 Qxc7 31. Qb4+ $10) 28... Qd6+ 29. Nd5 Qxd5+ (29... Bxd5 30. Rd7 $13) 30.
Ke1 Kxe8 31. Rc4 $18) 25. Bxd5 Qxe3+ 26. Qxe3 Rxe3 27. Rc8+ $18) 22... Bc6 23.
Bxc6 bxc6 24. Rxc6 Ng4 $1 25. Bxd8 Nxe3 $19)) 21. Rf2 (21. Rf1 $2 Bb5 $19)
21... h6 $2 (21... Bb6 $1 22. Rd2 Qc7 23. Bf4 (23. Nf5 Ne4) (23. Rd3 Re4 24.
Qc3 Qxh2 $17) (23. Re2 Re4 24. Qd3 Qxh2 $17) 23... Rxe3 $19) 22. Rd2 Qxd2+ $4 (
22... Qc7 23. Bf4) (22... Qe7 23. Nf5 Qf8 (23... Qe1+ {Boensch} 24. Rd1) 24.
Rxd8 Rxd8 (24... hxg5) 25. Nxh6+ gxh6 26. Bxf6 $16) (22... Qe6 {Boensch}) 23.
Kxd2 Ne4+ 24. Kd1 Bxg5 25. Qxf7+ Kh8 26. Nd5 Nd6 (26... Bd7 27. h3) (26... Rd8
{Boensch} 27. c4 (27. Ke1 Re8)) 27. Qf2 b5 (27... Rd8 {Boensch}) 28. Nf4 Rd8
29. Ke1 Re8+ 30. Kd1 Rd8 31. Nd3 Nc4 32. Qc5 Bxg2 (32... Nxb2+ 33. Ke2) 33.
Bxc4 bxc4 34. Qxc4 Re8 (34... Bf3+ {Boensch} 35. Ke1 Re8+ 36. Kf2 Rf8 37. Kg3
Bd8 38. Nf4 $18) 35. Qf7 Re7 36. Qf8+ Kh7 37. Qf5+ Kg8 38. h4 $6 (38. Ne5)
38... Bf6 (38... Bxh4 {Boensch} 39. Qg4 $18) 39. Nf4 Be4 (39... Bf3+ 40. Kd2)
40. Qc8+ Kh7 41. Nd5 $1 Bxd5 42. Qf5+ Kh8 43. Qxd5 Re8 44. Qb5 Rd8+ 45. Ke2
Bxh4 46. c4 Bg3 47. b4 Rf8 48. Qa5 $1 g5 49. Qxa7 Bf4 50. Qe7 Kg8 51. a4 1-0

[Event "Linares 14th"]
[Site "Linares"]
[Date "1997.02.10"]
[Round "6"]
[White "Ivanchuk, Vassily"]
[Black "Kramnik, Vladimir"]
[Result "0-1"]
[WhiteElo "2740"]
[BlackElo "2740"]
[Annotator "Psakhis,L"]
[PlyCount "82"]
[EventDate "1997.02.04"]
[EventType "tourn"]
[EventRounds "11"]
[EventCountry "ESP"]
[EventCategory "18"]
[SourceTitle "CBM 057"]
[Source "ChessBase"]
[SourceDate "1997.04.01"]
[SourceVersion "1"]
[SourceVersionDate "1997.04.01"]
[SourceQuality "1"]

1. e4 c5 2. Nf3 d6 3. d4 cxd4 4. Nxd4 Nf6 5. Nc3 Nc6 6. Bg5 e6 7. Qd2 Be7 8.
O-O-O Nxd4 9. Qxd4 O-O 10. f4 Qa5 {Favorite Kramnik's variation} 11. Bb5 {N}
Rd8 (11... a6 $6 12. e5 dxe5 13. fxe5 Nd5 14. Bxe7 Nxe7 15. Bd3 $36) 12. e5
dxe5 13. Qxe5 h6 14. Bh4 (14. Rxd8+ Bxd8 15. Bxh6 gxh6 16. Rd1 a6 17. Ba4 b5
$19 {0-1 Lopez,P-Rivera,D/Valencia 1989 (23)}) 14... Ng4 (14... a6 15. Be2 $14)
15. Qh5 (15. Bxe7 $2 Rxd1+ 16. Rxd1 Nxe5 17. fxe5 (17. Rd8+ Qxd8) 17... a6 $17)
15... Nf6 16. Qe5 (16. Bxf6 Bxf6 17. Ne4 Be7 18. Rxd8+ Qxd8 19. Rd1 Qc7 $15) (
16. Qf3 a6 17. Bd3 Bd7 $15) 16... Ng4 17. Rxd8+ Qxd8 18. Bxe7 Qxe7 19. Qe2 {N/}
(19. Qd4 b6 $1 20. Be2 Nf6 21. Rd1 Bb7 22. g3 Rc8 {Kamsky,G-Kramnik,V/
Groningen PCA 1993}) 19... Nf6 20. Rd1 a6 $11 21. Bd3 b5 22. g4 (22. f5 $5)
22... Bb7 23. g5 hxg5 24. fxg5 Nd7 25. Qh5 $6 (25. g6 $5 Nc5 (25... f6 $5 26.
Bf5 Nf8 (26... Re8 $2 27. Qxe6+ Qxe6 28. Bxe6+ Rxe6 29. Rxd7) 27. Re1 Re8 $13)
26. Qh5 (26. gxf7+ Qxf7 27. Rf1 Nxd3+ 28. Qxd3 Qe7 $11) 26... Nxd3+ 27. Rxd3
fxg6 28. Qxg6 Qf6 $11) 25... Nf8 26. h4 Qb4 $5 27. Rf1 (27. g6 Qf4+ 28. Kb1 f5
29. Ne2 Qf2 $17 {[%csl Rg6]}) 27... g6 28. Qh6 Qg4 29. Be2 Qh3 30. h5 (30. Nd1
Rd8) 30... Bg2 $1 31. Rd1 {Rook has to leave important f line.} (31. Rf6 Qe3+
32. Kb1 Qg1+ 33. Nd1 (33. Bd1 Rd8 34. b3 (34. Kc1 Qe3+ 35. Kb1 Qe1) 34... Rxd1+
35. Nxd1 Qxd1+ 36. Kb2 Be4 $19) 33... Rd8 34. Kc1 Rxd1+ $1 35. Bxd1 Qe3+ 36.
Kb1 Qd2 $19) 31... Qf5 (31... Qe3+ $5 32. Kb1 (32. Rd2 Rd8 33. Bd3 Bf3 $5 34.
hxg6 Nxg6 $17) 32... b4 33. hxg6 Nxg6 (33... fxg6 34. Qh2 Bc6 35. Rd3 Qxg5 36.
Nd1 $132) 34. Bd3 bxc3 35. Bxg6 fxg6 36. Qxg6+ Kh8 37. Qh6+ Kg8 38. Qg6+ $11)
32. Rd3 $2 {Weak move, in moment when Ivanchuk could take initiative into his
hands after} (32. hxg6 Qf4+ (32... Nxg6 33. Bd3 Qf4+ 34. Kb1) 33. Kb1 fxg6 34.
Bd3 $36) 32... b4 33. Nd1 Be4 34. Rd2 Qf4 $1 35. hxg6 Nxg6 36. Qh3 Qxg5 (36...
Bxc2 37. Kxc2 Rc8+ 38. Nc3 bxc3 39. bxc3 Ne5 $36) 37. Qe3 (37. Ne3 Kg7 {
[%cal Ya8h8]}) 37... Qxe3 38. Nxe3 a5 $19 39. Rd4 f5 40. Ng4 (40. Rd7 $5) 40...
Nf4 41. Bc4 Kg7 (41... Kg7 42. Nf2 Kf6 43. Nxe4+ Ke5 44. c3 fxe4 45. Kd1 Rh8
$19) 0-1

[Event "EU-ch 8th"]
[Site "Dresden"]
[Date "2007.04.13"]
[Round "10"]
[White "Azarov, Sergei Nikolaevich"]
[Black "Sanikidze, Tornike"]
[Result "1-0"]
[WhiteElo "2571"]
[BlackElo "2426"]
[Annotator "Reeh,O"]
[PlyCount "49"]
[EventDate "2007.04.03"]
[EventType "swiss"]
[EventRounds "11"]
[EventCountry "GER"]
[SourceTitle "CBM 118"]
[Source "ChessBase"]
[SourceDate "2007.05.31"]
[SourceVersion "1"]
[SourceVersionDate "2007.05.31"]
[SourceQuality "1"]

1. e4 c5 2. Nf3 d6 3. d4 cxd4 4. Nxd4 Nf6 5. Nc3 Nc6 6. Bg5 e6 7. Qd2 Be7 8.
O-O-O Nxd4 9. Qxd4 O-O 10. Bc4 Bd7 11. f4 Qa5 12. Bb3 (12. e5 dxe5 13. fxe5 Bc6
$1 14. Bd2 (14. exf6 Qxg5+) 14... Nd7 15. Nd5 Qd8 16. Nxe7+ Qxe7 {would be the
main line. wäre das Hauptabspiel.}) 12... Bc6 13. Rhe1 Rfe8 14. Qf2 b5 15. e5
dxe5 16. fxe5 b4 17. Bxf6 bxc3 18. Qg3 cxb2+ 19. Kb1 {Ususally one should not
take such a pawn in front of your own king, since it may block lines for your
opponent. However, sometimes it can also prove very annoying... Gewöhnlich
sollte man einen solchen Bauern vor dem eigenen König nicht schlagen, da
dieser dem Gegner Linien verstellen kann. Doch manchmal kann sich ein solcher
Geselle auch als sehr störend erweisen...} Bf8 20. Rd4 Bd5 21. c4 {Opening the
diagonal c2-h7 for the bishop, but also weakening its position on b3. Öffnet
die Diagonale c2-h7 für den Läufer, schwächt aber auch dessen Position auf b3.}
({Interesting was Interessant war} 21. Bxd5 exd5 22. e6 $5 (22. Bxg7 Bxg7 23.
Rg4 Kh8 24. Rxg7 Rg8 {ist unergiebig. yields nothing.}) {with the idea mit der
Idee} 22... fxe6 23. Rg4 {and g7 falls (23...g6 24.Rxg6+!). und g7 fällt. (23..
.g6 24.Rxg6+!)}) {[%tqu "En","Does the black bishop have to retreat?","White's
last move has weakened the position of the bishop b3, enabling Black to play a
nice intermediate move.","","a8b8","Introducing a nice motif into the position
(see variation regarding move 22.).",20,"De","Muss der schwarze Läufer
zurückweichen?","Der letzte weiße Zug hat die Position des Läufers b3
geschwächt, wodurch Schwarz einen schönen Zwischenzug anbringen kann.","",
"a8b8","Bringt ein schönes Motiv in die Stellung (siehe Variante zum 22.Zug).",
20]} 21... Rab8 $1 {Introducing a nice motif into the position. Bringt ein
schönes Motiv in die Stellung.} 22. Rf1 (22. cxd5 {[%tqu "En","What was the
idea of 21...Rb8?","The white queen is tied to the defence of the Re1.","Black
can open the a-file with decisive effect.","b8b3","Very nice!  This opens the
a-file, and in the end White will lose the rook on d4 - do you see how?",10,
"De","Was war die Idee von 21...Tb8?","Die weiße Dame ist an die Verteidigung
des Te1 gebunden.","Schwarz kann mit entscheidender Wirkung die a-Linie öffnen.
","b8b3","Sehr schön!  Die a-Linie wird geöffnet, wonach Weiß am Ende den Trum
d4 verliert - sehen Sie wie?",10]} Rxb3 $1 23. axb3 (23. Qxb3 Qxe1+ 24. Rd1
Qe4+ 25. Qc2 Qxc2+ 26. Kxc2 gxf6 $19) 23... Qa1+ 24. Kc2 b1=Q+ 25. Rxb1 Qxd4 {
and Black is winning. und Schwarz steht auf Gewinn.}) ({And this even works
after White takes his rook out of the line of fire before: Und dies
funktoniert sogar, nachdem Weiß seinen Turm d4 mit Tempo aus der Schusslinie
gebracht hat:} 22. Rg4 g6 23. cxd5 Rxb3 $1 24. axb3 Qa1+ 25. Kc2 exd5 {with a
wild position. mit wilder Stellung.}) 22... Bc6 23. Bc2 Ba4 $4 {Allowing a
neat finish. Gestattet ein bündiges Finale.} ({Following Nach} 23... g6 {
Black would maintain very good chances. behielte Schwarz sehr gute Chancen.}) {
[%tqu "En","Black's last move was asking for it - for what?","Enable the white
rook d4 to enter the attack with tempo.","Rip open Black's king position!",
"c2h7","Boom!  This classical bishop sacrifice wins, but have you already seen
the right follow-up?",15,"De","Der letzte schwarze Zug ermöglicht einen
Kurzschluss - welchen?","Ermöglichen Sie dem weißen Turm d4, mit Tempo in den
Angriff einzugreifen.","Reißen Sie die schwarze Königsstellung auf!","c2h7",
"Wumms!  Dieses klassische Läuferopfer gewinnt, aber haben Sie auch schon die
richtige Fortsetzung gesehen?",15]} 24. Bxh7+ $1 {A classical sacrifice - the
opened h-file decides. Ein klassisches Opfer - die geöffnete h-Linie
entscheidet.} Kxh7 25. Rh4+ (25. Rh4+ {and Black resigned, since after} Kg8 {
[%tqu "En","And now what?","Chose the right queen move!","","g3d3","Precise to
the last move!  This threatens Qh7 mate and at the same time contains Black's
idea Bc2+.",10,"g3h3","Oh no!  This spoils everything. Now Black's attack
comes first!",0,"De","Und was nun?","Wählen Sie den richtigen Damenzug!","",
"g3d3","Präzise bis zum letzten Zug!  Dies droht Dh7 matt und verhindert
gleichzeitig die schwarze Idee Lc2+.",10,"g3h3","Oh nein!  Dies verdirbt alles.
Nun kommt der schwarze Angriff zuerst!",0]} 26. Qd3 {he will get checkmated.
wird er mattgesetzt.} (26. Qh3 $4 {[%tqu "En","Black to play and win.","Drag
the white king into the open!","","a4c2","Of course!  Followed by the
promotion of the b-pawn, this opens decisive lines against the white king.",10,
"De","Schwarz zieht und gewinnt.","Zerren Sie den weißen König ins Freie!","",
"a4c2","Na klar!  Gefolgt von der Umwandlung des b-Bauern öffnet dies
entscheidende Linien gegen den weißen König.",10]} Bc2+ $1 27. Kxc2 b1=Q+ $1
28. Rxb1 Qxa2+ {and Black wins. und Schwarz gewinnt.})) 1-0

[Event "Leon"]
[Site "Leon"]
[Date "1994.??.??"]
[Round "6"]
[White "Beliavsky, Alexander G"]
[Black "Leko, Peter"]
[Result "1-0"]
[WhiteElo "2650"]
[BlackElo "2545"]
[Annotator "Schlosser,P"]
[PlyCount "81"]
[EventDate "1994.05.??"]
[EventType "tourn"]
[EventRounds "9"]
[EventCountry "ESP"]
[EventCategory "12"]
[SourceTitle "CBM 042"]
[Source "ChessBase"]
[SourceDate "1994.10.01"]
[SourceVersion "1"]
[SourceVersionDate "1994.10.01"]
[SourceQuality "1"]

{Im Kampf 2B - B+N ist die weiße Bauernführung hier besonders zu beachten:
Zunächst werden den gegnerischen Figuren zentrale Stützpunkte genommen, dann
wird der Raumvorteil schrittweise vergrößert.} 1. e4 {Boensch Wahls} c5 2. Nf3
d6 3. d4 cxd4 4. Nxd4 Nf6 5. Nc3 Nc6 6. Bg5 e6 7. Qd2 Be7 8. O-O-O Nxd4 9. Qxd4
O-O 10. f4 (10. e5 {Wahls}) 10... Qa5 11. Bc4 Bd7 (11... h6 {Wahls} 12. h4 e5 (
12... hxg5 13. hxg5 Ng4 14. Rd3 f5 15. Rdh3 $16) 13. Qg1 exf4 14. Bxf4 Bg4 15.
Rd3 Nh5 16. Bxd6 Bxd6 17. Rxd6 Ng3 18. Qd4 $1 Qh5 (18... Nxh1 19. Rg6) 19. Rd5
Qg6 20. Re1 $16) (11... a6 {Wahls} 12. Kb1 b5 13. Bb3 Rd8 14. a3 Qc7 15. f5 $16
) (11... e5 {Wahls} 12. fxe5 dxe5 13. Qd3 Rd8 14. Qg3 Be6 15. Bxf6 Bxf6 16. Bd5
Bxd5 17. Nxd5 $16) (11... Rd8 {Wahls} 12. Rhf1 Bd7 (12... h6 13. Bh4 e5 14. Qd3
exf4 15. Rxf4 Be6 16. Bxe6 fxe6 17. Qc4 $16) 13. f5 b5 14. fxe6 bxc4 15. Rf5
Qb4 16. exf7+ Kxf7 17. Bxf6 Bxf5 18. Bxe7 $16) 12. e5 dxe5 13. fxe5 Bc6 14. Bd2
Nd7 15. Nd5 Qd8 16. Nxe7+ Qxe7 {2B-B+N} 17. Rhe1 Rfd8 (17... Qc5 {Wahls}) (
17... Nb6 {Wahls}) (17... Rfc8 {Wahls}) (17... Rfc8 {Boensch}) (17... Nb6 {
Boensch}) (17... b5 {Boensch}) (17... Qc5 {Boensch}) 18. Bf1 {Weiß vermeidet
also das zuletzt eifrig diskutierte Qualitätsopfer 18.Qg4 Nf8 19.Bd3 Rd3 -
eine gute Übersicht hierzu bietet die von U.Boensch kommentierte Partie Kamsky,
G-Anand,V/Linares/1993/} (18. Qg4 {Boensch} Nf8 19. Bf1 (19. Bd3 {- CBM 40}) (
19. h4 {- CBM 40}) 19... Qc5 20. Qb4 Qf2 (20... Qg1 $5) 21. Qf4 Qb6 22. Qg3
Rac8 23. h4 Qc5 24. Bc3 Rxd1+ 25. Rxd1 Bb5 $10 {Kindermann,S-Khalifman,A/
Pardubice (01)/1994/0,5 (35)}) 18... Nf8 19. Qe3 a6 $6 {/^ a5-d8} (19... Qh4
20. h3 Ng6 21. c4 h6 22. g3 Qh5 23. Bc3 Rxd1+ 24. Rxd1 a6 25. h4 Qg4 26. Be2
Qh3 27. Qf2 Rc8 28. h5 (28. Rf1 {Im Inf. 60/219 von Beliavsky als Verbesserung
vorgeschlagen.} Rc7 29. Bb4 Rd7 30. Bd6 f6 (30... f5 31. Rg1 Be4 32. h5 Ne7 33.
g4 $40) 31. Bh5 Be4 (31... Nxe5 $2 32. Bxe5 fxe5 33. Bg6 $18) 32. Re1 Qf5 33.
Qc5 $36 {Beliavsky}) 28... Nf8 {/\ Nh7-g5 <=> /Ehlvest,J-Salov,V/Linares (12)/
1991/0,5 (34)} (28... Nf8 {Wahls} 29. g4 Nh7 30. Rd3 Qh1+ 31. Rd1 Qh3 32. Rd3
Qh1+ 33. Rd1 Qh3 34. Rd3 {1/2-1/2/Ehlvest-Salov/Linares/1991/})) 20. g3 $1 {xh4
} Rac8 21. Kb1 Ng6 22. Ba5 Rd5 23. Rxd5 Bxd5 24. b3 $1 {x c4} h6 25. Bd3 Qa3 $6
(25... Qg5 $5 26. Qe2 h5 $1 $14 {Schwarz sollte die weitere Einschnürung durch
27.Bd2 Qe7 28.h4 nicht tatenlos über sich ergehen lassen.} 27. Bd2 $140 Qg4
$132) (25... Qc5 {Wahls} 26. Qxc5 Rxc5 27. Bb4 Rc8 28. c4 Bc6 29. Bd6 Rd8 30.
Kc2 Rd7 31. a4 Ne7 32. Kc3 Nf5 33. Bc5 $14 {Beliavsky.Bekanntlich ist += nicht
+=.M.M. nach ist dieses Exemplar auf dem Wege,zu einem Plus-über-Minus
auszuwachsen.}) 26. Bd2 Qe7 27. h4 $16 Qc5 28. Qe2 (28. Qxc5 {Boensch} Rxc5 29.
Bb4 Rc8 30. c4 $16) 28... Rd8 29. h5 Ne7 $6 (29... Nf8 {/\ 30...Nh7 xg5} 30.
Rf1 $5 (30. Qg4 $6 Qf2 $1 {/\ 31...Bf3 <=> xh5} (30... Kh8 $2 31. Rf1 $36 Qc7
$140 (31... Rd7 {Wahls} 32. Bxh6 gxh6 33. Rf6 Nh7 34. Bxh7 Kxh7 35. Qf4 Kg8 36.
Rxh6 f5 37. Qg5+ Rg7 38. Qd8+ Qf8 39. Rh8+ $18 {Beliavsky}) (31... Qe7 32. Bxh6
gxh6 33. Rf6 Nh7 34. Rxh6 $18) 32. Bxh6 $1)) (30. g4 Nh7 31. Bxh7+ Kxh7 32. g5
(32. Qd3+ Kg8 33. c4 $4 Be4 34. Qxe4 Rxd2 $17) 32... hxg5 33. Bxg5 $36) (30.
Qg4 $40 {Boensch}) 30... Bc6 (30... Qc7 $2 31. Bxh6 gxh6 32. Qg4+ Kh8 33. Rf6
Nh7 34. Rxh6 f5 35. exf6 Rd7 36. Qg6 e5 37. Qe8+ Bg8 38. Rg6 $18)) 30. g4 $18
Bc6 (30... Nc6 $5 {Boensch}) 31. g5 Bb5 (31... hxg5 {Boensch} 32. Bxg5 Nd5 33.
Qd2 Rd7 $16) 32. c4 $1 (32. Bxb5 {Wahls} Qxb5 33. gxh6 Qxe2 34. Rxe2 gxh6 35.
Bxh6 Rd1+ 36. Kb2 Rh1 37. Bg5 Nf5 38. Rd2 Rxh5 39. Bf6 Ne3 40. c4 $16 {
BelIavsky}) 32... Qd4 33. Kc2 $1 Bc6 34. gxh6 Nf5 35. hxg7 Qh4 36. Bc3 Qh3 37.
Bxf5 Qxf5+ 38. Kb2 Rd3 39. h6 Rg3 40. Rd1 Qg5 41. Bd2 (41. Bd2 {Boensch} Qg6 (
41... Qe7 42. Qf2 Rg2 43. Qf6 $18) 42. Bf4 Rg2 43. Rd8+ Kh7 44. Rh8#) 1-0

[Event "Pardubice"]
[Site "Pardubice"]
[Date "1994.??.??"]
[Round "1"]
[White "Kindermann, Stefan"]
[Black "Khalifman, Alexander"]
[Result "1/2-1/2"]
[WhiteElo "2560"]
[BlackElo "2645"]
[Annotator "Schlosser,P"]
[PlyCount "70"]
[EventDate "1994.07.??"]
[EventType "tourn"]
[EventRounds "9"]
[EventCountry "CZE"]
[EventCategory "15"]
[SourceTitle "CBM 042"]
[Source "ChessBase"]
[SourceDate "1994.10.01"]
[SourceVersion "1"]
[SourceVersionDate "1994.10.01"]
[SourceQuality "1"]

1. e4 c5 2. Nf3 d6 3. d4 cxd4 4. Nxd4 Nf6 5. Nc3 Nc6 6. Bg5 e6 7. Qd2 Be7 8.
O-O-O O-O 9. f4 Nxd4 10. Qxd4 Qa5 11. Bc4 Bd7 12. e5 dxe5 13. fxe5 Bc6 14. Bd2
Nd7 15. Nd5 Qd8 16. Nxe7+ Qxe7 17. Rhe1 Rfd8 18. Qg4 (18. Bf1 Nf8 19. Qe3 a6 $6
{Beliavsky,A-Leko,P/Leon (06)/1994/}) 18... Nf8 19. Bf1 (19. Bd3 Rxd3 $44 {
Diesem Qualitätsopfer weicht Weiß zunehmend aus, da die schwarze Festung
danach schwer zu knacken ist.}) (19. h4 Qc5 20. Bc3 Qf2 21. Rd6 Qxg2 22. Qd4
$44 {Almasi,Z-Leko,P/HUN ch/1993/}) 19... Qc5 (19... Qc7 20. Bc3 Ng6 21. Rxd8+
Rxd8 22. Rd1 Bd5 23. Qd4 Rc8 24. a3 Qb8 {Gurevich,I-Rachels,S/USA ch/1992/} 25.
h4 b5 26. h5 Ne7 27. Qf4 {+/- Gurevich,I}) (19... Ng6 20. Bb4 Rxd1+ 21. Rxd1 {
Kovalev,A-Leko,P/Muenchen op/1992/} Qh4 {!? Kovalev,A}) 20. Qb4 (20. Bc3 Ng6
21. Qg5 Rd5 22. Rxd5 Bxd5 23. a3 Rc8 24. Qe3 Qc6 25. g3 a6 $15 {Kamsky,G-Anand,
V/Linares/1993/}) 20... Qf2 21. Qf4 Qb6 22. Qg3 {/\ h4 Wang,Z} (22. Bc3 Ng6 23.
Qg3 Rxd1+ 24. Rxd1 Rd8 25. Rxd8+ Qxd8 26. Qe3 a6 27. Qd2 Qb6 28. Bd4 Qd8 29.
Bc3 Qb6 30. Bd4 {0,5/Peng,X-Wang,Z/Beijing/1993/}) 22... Rac8 23. h4 Qc5 (23...
Bb5 $5) 24. Bc3 (24. Bd3 Bb5 25. Be4 Bc6 26. Bd3 Bb5 $10) 24... Rxd1+ 25. Rxd1
Bb5 26. Bxb5 Qxb5 27. Qf2 a6 28. h5 (28. g4 $2 Qc4 $17) 28... h6 29. Qh4 Qc6
30. g4 Qc4 31. a3 b5 32. Kb1 a5 33. Rd8 Qf1+ 34. Ka2 Qc4+ 35. Kb1 Qf1+ 1/2-1/2